000
00326nam a2200109Ia 4500
008
200302s9999 xx 000 0 und d
100
_a
Russell K. Schutt
245
_a
Investigating the Social world the process and practice of research 6th ed
260
_b
an imprint of sage publications Inc.
260
_c
2009
300
_a
564
999
_c
6454
_d
6454